[Event "2nd children's team HISSARLUK"]
[Site "http://www.tribuki.com/bg/"]
[Date "2017.02.06"]
[Round "4.3"]
[White "Tsvetkov, Hristiyan"]
[Black "Kanov, Nikola"]
[Result "0-1"]
[WhiteElo "1271"]
[BlackElo "1367"]
[PlyCount "48"]
[EventDate "2017.02.04"]
[EventType "team"]
[EventRounds "6"]
[EventCountry "BUL"]

1. e4 d5 2. exd5 Qxd5 3. Nc3 Qa5 4. d4 Nf6 5. Nf3 c6 6. Bc4 Bf5 7. O-O e6 8.
Re1 Bd6 9. a3 Qc7 10. d5 O-O 11. dxe6 fxe6 12. g3 Nd5 13. Bxd5 exd5 14. Nd4 Qf7
15. Nxf5 Qxf5 16. Re2 Bc5 17. Qe1 Nd7 18. b4 Bd4 19. Bb2 Rae8 20. Nxd5 Rxe2 21.
Qxe2 Qxf2+ 22. Qxf2 Bxf2+ 23. Kg2 cxd5 24. Rf1 Bb6 0-1

[Event "2nd children's team HISSARLUK"]
[Site "http://www.tribuki.com/bg/"]
[Date "2017.02.06"]
[Round "4.4"]
[White "Doychinov, Simeon"]
[Black "Manova, Ivana"]
[Result "1-0"]
[WhiteElo "1120"]
[BlackElo "1741"]
[PlyCount "41"]
[EventDate "2017.02.04"]
[EventType "team"]
[EventRounds "6"]
[EventCountry "BUL"]

1. e4 e5 2. Nf3 Nc6 3. Nc3 Nf6 4. Bc4 Bc5 5. Bd5 O-O 6. Nxe5 Nxd5 7. exd5 Bxf2+
8. Kxf2 Qh4+ 9. g3 Qd4+ 10. Kg2 Nxe5 11. d3 d6 12. Re1 Bg4 13. Be3 Qb4 14. Qc1
Bf3+ 15. Kf2 Qg4 16. Bf4 Qh3 17. Bxe5 Qg2+ 18. Ke3 dxe5 19. Rg1 Qe2+ 20. Nxe2
Bxe2 21. Kxe2 1-0

[Event "2nd children's team HISSARLUK"]
[Site "http://www.tribuki.com/bg/"]
[Date "2017.02.06"]
[Round "5.1"]
[White "Pavlov, Vladimir G."]
[Black "Cholakov, Nikolay"]
[Result "0-1"]
[WhiteElo "1860"]
[BlackElo "1932"]
[PlyCount "42"]
[EventDate "2017.02.04"]
[EventType "team"]
[EventRounds "6"]
[EventCountry "BUL"]

1. e4 c5 2. Nc3 d6 3. f4 Nc6 4. Nf3 g6 5. Bc4 Bg7 6. O-O e6 7. d3 Nge7 8. Be3
d5 9. exd5 exd5 10. Nxd5 Nxd5 11. Bxc5 Nde7 12. Ne5 O-O 13. Qe2 Nxe5 14. fxe5
Be6 15. d4 Rc8 16. Bxe6 fxe6 17. Rxf8+ Bxf8 18. Bxe7 Qxd4+ 19. Kf1 Bxe7 20. g3
Rf8+ 21. Kg2 Qd5+ 0-1

[Event "2nd children's team HISSARLUK"]
[Site "http://www.tribuki.com/bg/"]
[Date "2017.02.06"]
[Round "5.1"]
[White "Kolev, Lachezar"]
[Black "Pavlov, Viktor"]
[Result "1-0"]
[WhiteElo "1792"]
[BlackElo "1780"]
[PlyCount "95"]
[EventDate "2017.02.04"]
[EventType "team"]
[EventRounds "6"]
[EventCountry "BUL"]

1. e4 c5 2. Nf3 d6 3. d4 cxd4 4. Nxd4 Nf6 5. f3 g6 6. c4 Bg7 7. Nc3 Nc6 8. Be3
Bd7 9. Qd2 O-O 10. Be2 Ne5 11. O-O Qc7 12. b3 a6 13. Rac1 Nc6 14. Nd5 Qd8 15.
Nxc6 Bxc6 16. Bb6 Qd7 17. Nxf6+ Bxf6 18. Rfd1 Qe6 19. Bf1 Rac8 20. Qf2 Bg7 21.
Re1 Qe5 22. f4 Qe6 23. Bd3 Qf6 24. Rcd1 Bd7 25. Bb1 Bg4 26. Rd2 Qc3 27. f5 Rc6
28. Bd4 Bxd4 29. Qxd4 Qxd4+ 30. Rxd4 e5 31. Rd2 gxf5 32. exf5 f6 33. Be4 Rb6
34. h3 Bh5 35. g4 Bf7 36. Red1 Rd8 37. c5 Rb4 38. Rxd6 Rc8 39. Rd8+ Rxd8 40.
Rxd8+ Kg7 41. Bg2 e4 42. Kf2 Rb5 43. Rc8 Bd5 44. Ke3 Bc6 45. Kd4 Rb4+ 46. Kc3
Rb5 47. b4 a5 48. a3 1-0

[Event "2nd children's team HISSARLUK"]
[Site "http://www.tribuki.com/bg/"]
[Date "2017.02.06"]
[Round "5.1"]
[White "Ilieva, Ralitsa"]
[Black "Gadzhev, Denislav"]
[Result "1/2-1/2"]
[WhiteElo "1469"]
[BlackElo "1613"]
[PlyCount "74"]
[EventDate "2017.02.04"]
[EventType "team"]
[EventRounds "6"]
[EventCountry "BUL"]

1. d4 Nf6 2. Nf3 e6 3. c4 b6 4. Nc3 Bb4 5. Qc2 Bb7 6. Bg5 h6 7. Bh4 d6 8. e3
Nbd7 9. Bd3 Qe7 10. a3 Bxc3+ 11. Qxc3 c5 12. Be2 O-O 13. O-O Rfe8 14. b4 Rac8
15. Rfd1 Nf8 16. Rab1 Ng6 17. Bg3 Ne4 18. Qb3 Nxg3 19. hxg3 Rc7 20. Bd3 Nf8 21.
dxc5 dxc5 22. Ne5 Rec8 23. Qc2 Nd7 24. Nxd7 Rxd7 25. Qa4 Rcd8 26. Be2 Be4 27.
Rbc1 Rd2 28. Rxd2 Rxd2 29. Bf3 Bxf3 30. gxf3 Qb7 31. Rd1 Rxd1+ 32. Qxd1 cxb4
33. axb4 Qc6 34. Qd8+ Kh7 35. Qd3+ g6 36. f4 h5 37. b5 Qc7 1/2-1/2

[Event "2nd children's team HISSARLUK"]
[Site "http://www.tribuki.com/bg/"]
[Date "2017.02.06"]
[Round "5.2"]
[White "Ivanovic, Marko"]
[Black "Hristov, Deyan"]
[Result "1-0"]
[WhiteElo "1894"]
[BlackElo "1497"]
[PlyCount "39"]
[EventDate "2017.02.04"]
[EventType "team"]
[EventRounds "6"]
[EventCountry "BUL"]

1. e4 e5 2. Nc3 Nf6 3. Bc4 Nxe4 4. Qh5 Ng5 5. d4 Ne6 6. d5 Nd4 7. Nge2 d6 8.
Nxd4 exd4 9. O-O Be7 10. Ne4 g6 11. Qh6 f5 12. Ng5 Bf8 13. Re1+ Kd7 14. Qh3 Qf6
15. Re6 Qg7 16. Ne4 Be7 17. Bh6 Qf7 18. Ng5 Bxg5 19. Bxg5 Re8 20. Rae1 1-0

[Event "2nd children's team HISSARLUK"]
[Site "http://www.tribuki.com/bg/"]
[Date "2017.02.06"]
[Round "5.2"]
[White "Bakalov, Vladimir"]
[Black "Musikic, Stefan"]
[Result "0-1"]
[WhiteElo "1435"]
[BlackElo "1735"]
[PlyCount "62"]
[EventDate "2017.02.04"]
[EventType "team"]
[EventRounds "6"]
[EventCountry "BUL"]

1. e4 c5 2. Nf3 g6 3. d4 cxd4 4. Nxd4 Bg7 5. Nc3 Nc6 6. Be3 Nf6 7. Bc4 d6 8.
Qd2 O-O 9. f4 Bd7 10. h3 Rc8 11. Bb3 a6 12. g4 b5 13. a3 Na5 14. f5 Nxb3 15.
Nxb3 Bc6 16. Rg1 Nxe4 17. Nxe4 Bxe4 18. c3 Qd7 19. Bd4 Qc6 20. Na5 Qd5 21.
O-O-O Qa2 22. Qe3 Qb1+ 23. Kd2 Qxb2+ 24. Ke1 Bxd4 25. cxd4 d5 26. Nb7 Rc3 27.
Qh6 Rc2 28. Qf4 Re2+ 29. Kf1 Bg2+ 30. Rxg2 Rxg2 31. Nc5 Qe2# 0-1

[Event "2nd children's team HISSARLUK"]
[Site "http://www.tribuki.com/bg/"]
[Date "2017.02.06"]
[Round "5.2"]
[White "Molnar, Luka"]
[Black "Tsvetkov, Hristiyan"]
[Result "1-0"]
[WhiteElo "1731"]
[BlackElo "1271"]
[PlyCount "43"]
[EventDate "2017.02.04"]
[EventType "team"]
[EventRounds "6"]
[EventCountry "BUL"]

1. e4 c5 2. Nf3 d6 3. c3 Nf6 4. Be2 Nc6 5. d4 cxd4 6. cxd4 Nxe4 7. d5 Qa5+ 8.
Nc3 Nxc3 9. bxc3 Ne5 10. Qd4 Nxf3+ 11. Bxf3 b6 12. O-O Bb7 13. Re1 Rc8 14. Bf4
Qa3 15. Bg4 Rxc3 16. Bxd6 Qxd6 17. Qxc3 Qxd5 18. Bf3 Qd7 19. Rad1 Qc8 20. Qxc8+
Bxc8 21. Bc6+ Bd7 22. Rxd7 1-0

[Event "2nd children's team HISSARLUK"]
[Site "http://www.tribuki.com/bg/"]
[Date "2017.02.06"]
[Round "5.2"]
[White "Bakalova, Tsvetelina"]
[Black "Tadic, Ana"]
[Result "0-1"]
[WhiteElo "1362"]
[BlackElo "1328"]
[PlyCount "32"]
[EventDate "2017.02.04"]
[EventType "team"]
[EventRounds "6"]
[EventCountry "BUL"]

1. e4 e5 2. Nf3 d6 3. Nc3 Be7 4. Bc4 Nf6 5. d3 h6 6. Be3 c6 7. a3 O-O 8. Qd2 d5
9. Ba2 d4 10. Bxd4 exd4 11. Ne2 c5 12. O-O-O Nc6 13. c3 a5 14. Rhf1 b5 15. Bd5
Nxd5 16. exd5 Qxd5 0-1

[Event "2nd children's team HISSARLUK"]
[Site "http://www.tribuki.com/bg/"]
[Date "2017.02.06"]
[Round "5.3"]
[White "Manova, Ivana"]
[Black "Veljanoski, Andrej"]
[Result "0-1"]
[WhiteElo "1741"]
[BlackElo "1764"]
[PlyCount "66"]
[EventDate "2017.02.04"]
[EventType "team"]
[EventRounds "6"]
[EventCountry "BUL"]

1. e4 e5 2. Nf3 Nc6 3. Bb5 a6 4. Ba4 Nf6 5. O-O Be7 6. Re1 b5 7. Bb3 d6 8. c3
O-O 9. d3 Na5 10. Bc2 c5 11. Nbd2 Nc6 12. h3 Qc7 13. Nf1 Be6 14. Ng3 Rac8 15.
Nh2 b4 16. f4 exf4 17. Bxf4 bxc3 18. bxc3 Ne5 19. Qd2 Ng6 20. Nf5 Qd7 21. g4 h5
22. Rf1 hxg4 23. hxg4 d5 24. Kh1 dxe4 25. dxe4 Qxd2 26. Bxd2 Rfd8 27. Be3 Bd6
28. g5 Nh5 29. Kg2 Nhf4+ 30. Kf3 Bb8 31. Rad1 Nd5 32. c4 Nxe3 33. Nxe3 Bxh2 0-1

[Event "2nd children's team HISSARLUK"]
[Site "http://www.tribuki.com/bg/"]
[Date "2017.02.06"]
[Round "5.3"]
[White "Risteski, Emil"]
[Black "Kosteski, Mile"]
[Result "1-0"]
[WhiteElo "1749"]
[BlackElo "1592"]
[PlyCount "97"]
[EventDate "2017.02.04"]
[EventType "team"]
[EventRounds "6"]
[EventCountry "BUL"]

1. c4 e5 2. Nc3 Nf6 3. g3 Nc6 4. Bg2 Bc5 5. e3 d6 6. Nge2 O-O 7. O-O Bg4 8. h3
Bh5 9. a3 a6 10. b4 Ba7 11. Bb2 Nd7 12. Nd5 f5 13. Re1 Nf6 14. d4 e4 15. Ndf4
Bf7 16. d5 Ne5 17. Nd4 Bxd4 18. Qxd4 g5 19. Ne2 Bh5 20. Qc3 Nd3 21. Nd4 Nxe1
22. Ne6 Qe7 23. Rxe1 h6 24. Nxf8 Rxf8 25. a4 Qg7 26. b5 Qg6 27. bxa6 bxa6 28.
Qa5 Bf3 29. Qxc7 f4 30. exf4 gxf4 31. Qxd6 Bxg2 32. Kxg2 e3 33. Qe6+ Kh7 34.
Bxf6 Rxf6 35. Qd7+ Rf7 36. Qe6 f3+ 37. Kh1 e2 38. Qxg6+ Kxg6 39. d6 Rd7 40. c5
Kf6 41. Kh2 Ke5 42. g4 Kd5 43. Kg3 Kxc5 44. Kxf3 Kb4 45. Rxe2 Rxd6 46. Re4+ Ka5
47. Kg3 Rf6 48. f4 Rg6 49. f5 1-0

[Event "2nd children's team HISSARLUK"]
[Site "http://www.tribuki.com/bg/"]
[Date "2017.02.06"]
[Round "5.3"]
[White "Eftovska, Lea"]
[Black "Eftovski, Mateo"]
[Result "1/2-1/2"]
[WhiteElo "1350"]
[BlackElo "1425"]
[PlyCount "31"]
[EventDate "2017.02.04"]
[EventType "team"]
[EventRounds "6"]
[EventCountry "BUL"]

1. e4 e5 2. Nf3 Nc6 3. Bc4 Bc5 4. d3 d6 5. Nc3 Nf6 6. Be3 Bb6 7. Qd2 Be6 8. Bb3
Qd7 9. O-O-O d5 10. exd5 Nxd5 11. Nxd5 Bxd5 12. Bxd5 Qxd5 13. Kb1 O-O-O 14. Qe2
Nb4 15. b3 Qa5 16. a4 1/2-1/2

[Event "2nd children's team HISSARLUK"]
[Site "http://www.tribuki.com/bg/"]
[Date "2017.02.06"]
[Round "5.3"]
[White "Zlatkov, Anton"]
[Black "Janeski, Leon"]
[Result "1-0"]
[WhiteElo "1241"]
[BlackElo "1388"]
[PlyCount "57"]
[EventDate "2017.02.04"]
[EventType "team"]
[EventRounds "6"]
[EventCountry "BUL"]

1. e4 e5 2. Nf3 Nc6 3. Bc4 Nf6 4. d3 Bc5 5. c3 d6 6. b4 Bb6 7. a4 a6 8. O-O O-O
9. Be3 Bg4 10. Bxb6 cxb6 11. Nbd2 Qd7 12. Bb3 Rfd8 13. Nc4 Qc7 14. Qe2 d5 15.
exd5 Nxd5 16. Qb2 Bxf3 17. gxf3 Nf6 18. Qe2 Rd7 19. Bc2 Nd5 20. Ra3 Nf4 21. Qe4
Ne6 22. d4 exd4 23. Qxh7+ Kf8 24. Qh8+ Ke7 25. Qxa8 Rd8 26. Qxd8+ Qxd8 27. cxd4
Qxd4 28. Ne3 Nxb4 29. Nf5+ 1-0

[Event "2nd children's team HISSARLUK"]
[Site "http://www.tribuki.com/bg/"]
[Date "2017.02.06"]
[Round "5.4"]
[White "Doychinov, Simeon"]
[Black "Georgiev, Konstantin G."]
[Result "0-1"]
[WhiteElo "1120"]
[BlackElo "1745"]
[PlyCount "22"]
[EventDate "2017.02.04"]
[EventType "team"]
[EventRounds "6"]
[EventCountry "BUL"]

1. e4 c5 2. Bc4 e6 3. d3 Nc6 4. Nf3 d5 5. exd5 exd5 6. Bb5 Nf6 7. Be3 Be7 8.
Nc3 d4 9. Ne4 Nxe4 10. dxe4 Qa5+ 11. Bd2 Qxb5 0-1

[Event "2nd children's team HISSARLUK"]
[Site "http://www.tribuki.com/bg/"]
[Date "2017.02.07"]
[Round "6.1"]
[White "Cholakov, Nikolay"]
[Black "Doychinov, Simeon"]
[Result "1-0"]
[WhiteElo "1932"]
[BlackElo "1120"]
[PlyCount "41"]
[EventDate "2017.02.04"]
[EventType "team"]
[EventRounds "6"]
[EventCountry "BUL"]

1. d4 d5 2. c4 e6 3. e3 Bd6 4. Nc3 Nc6 5. Nf3 Bd7 6. cxd5 Nf6 7. dxe6 fxe6 8.
Bc4 O-O 9. O-O Na5 10. Bd3 a6 11. e4 Be7 12. e5 Nd5 13. Nxd5 exd5 14. Qc2 g6
15. Bh6 Rf7 16. Bxg6 hxg6 17. Qxg6+ Kh8 18. Qxf7 Bf8 19. Bg5 Qe8 20. Bf6+ Bg7
21. Qxg7# 1-0

[Event "2nd children's team HISSARLUK"]
[Site "http://www.tribuki.com/bg/"]
[Date "2017.02.07"]
[Round "6.2"]
[White "Georgiev, Konstantin G."]
[Black "Tadic, Stefan"]
[Result "1-0"]
[WhiteElo "1745"]
[BlackElo "2147"]
[PlyCount "75"]
[EventDate "2017.02.04"]
[EventType "team"]
[EventRounds "6"]
[EventCountry "BUL"]

1. e4 c5 2. Nf3 Nc6 3. d4 cxd4 4. Nxd4 e5 5. Nb5 d6 6. N1c3 a6 7. Na3 b5 8. Nd5
Nge7 9. c4 Nd4 10. Nc2 Nxd5 11. cxd5 Nxc2+ 12. Qxc2 Be7 13. Be2 O-O 14. O-O f5
15. f4 fxe4 16. fxe5 Bf5 17. e6 Qb6+ 18. Kh1 Rac8 19. Qb3 Qc5 20. Be3 Qc2 21.
Rfe1 Qxb3 22. axb3 Rc2 23. Rxa6 Rxb2 24. Ra7 Rxb3 25. Bd1 Rb1 26. Rxe7 Bg4 27.
h3 Rxd1 28. Rxd1 Bxd1 29. Rb7 Be2 30. Rb6 h6 31. Rxd6 Bc4 32. Rd7 Re8 33. Bd4
Bxd5 34. Rxd5 Rxe6 35. Rxb5 g6 36. Re5 Kf7 37. Rxe6 Kxe6 38. Kg1 1-0

[Event "2nd children's team HISSARLUK"]
[Site "http://www.tribuki.com/bg/"]
[Date "2017.02.07"]
[Round "6.2"]
[White "Ivanovic, Marko"]
[Black "Dimov, Nikola"]
[Result "1-0"]
[WhiteElo "1894"]
[BlackElo "1396"]
[PlyCount "57"]
[EventDate "2017.02.04"]
[EventType "team"]
[EventRounds "6"]
[EventCountry "BUL"]

1. e4 c5 2. Nf3 Nc6 3. d4 cxd4 4. Nxd4 Nf6 5. Nc3 e5 6. Ndb5 d6 7. Nd5 Nxd5 8.
exd5 Ne7 9. c4 a6 10. Nc3 Nf5 11. Bd3 Be7 12. O-O O-O 13. Kh1 Nh4 14. f4 exf4
15. Bxf4 Bg5 16. Bg3 f5 17. Qc2 Qe7 18. Rae1 Qd7 19. Bxh4 Bxh4 20. g3 Bg5 21.
h4 Bh6 22. g4 f4 23. Bxh7+ Kh8 24. Bf5 Qf7 25. Be6 Bxe6 26. dxe6 Qe7 27. g5 f3
28. Nd5 Qe8 29. gxh6 1-0

[Event "2nd children's team HISSARLUK"]
[Site "http://www.tribuki.com/bg/"]
[Date "2017.02.07"]
[Round "6.2"]
[White "Lenkova, Lyubomira"]
[Black "Molnar, Luka"]
[Result "0-1"]
[WhiteElo "1303"]
[BlackElo "1731"]
[PlyCount "98"]
[EventDate "2017.02.04"]
[EventType "team"]
[EventRounds "6"]
[EventCountry "BUL"]

1. d4 Nf6 2. c4 e6 3. Nc3 Bb4 4. Nf3 b6 5. g3 Bb7 6. Bg2 O-O 7. O-O Bxc3 8.
bxc3 d6 9. Re1 Nbd7 10. Bb2 Ne4 11. Qd3 f5 12. d5 Ndc5 13. Qd4 e5 14. Qd1 Ba6
15. Qc2 Bxc4 16. Rad1 Qe7 17. Nh4 Qf7 18. f3 Nf6 19. Nxf5 Bxa2 20. Qd2 Bxd5 21.
e4 Be6 22. Bh3 Bxf5 23. Bxf5 g6 24. Bh3 Kg7 25. Kh1 a5 26. Rg1 Nfxe4 27. fxe4
Nxe4 28. Qe3 Nf2+ 29. Kg2 Nxd1 30. Rxd1 Qb3 31. Qe2 a4 32. c4 a3 33. Ba1 Rae8
34. Bg4 Re7 35. Qe4 h5 36. Be2 Ref7 37. Kh1 Rf2 38. Rc1 a2 39. Bd3 R8f5 40. Qd5
Qa3 41. Rc3 Qc5 42. Rc1 Qxd5+ 43. cxd5 Rf7 44. Bb5 Kf8 45. Rd1 e4 46. Re1 e3
47. Bd4 e2 48. Bxf2 Rxf2 49. Bxe2 Rxe2 0-1

[Event "2nd children's team HISSARLUK"]
[Site "http://www.tribuki.com/bg/"]
[Date "2017.02.07"]
[Round "6.2"]
[White "Kovacevic, Matija D."]
[Black "Radkova, Radost"]
[Result "1/2-1/2"]
[WhiteElo "1578"]
[BlackElo "1227"]
[PlyCount "104"]
[EventDate "2017.02.04"]
[EventType "team"]
[EventRounds "6"]
[EventCountry "BUL"]

1. e4 e5 2. Nc3 Nf6 3. Bc4 Bc5 4. d3 h6 5. f4 d6 6. f5 Nc6 7. Qd2 Bd7 8. h3 Qe7
9. Na4 Bb6 10. Nxb6 axb6 11. Nf3 Na5 12. b3 b5 13. b4 Nxc4 14. dxc4 bxc4 15.
Qe2 b5 16. O-O O-O 17. g4 Nh7 18. Qe3 f6 19. Nh4 Be8 20. Rf2 Bf7 21. Ng6 Bxg6
22. fxg6 Ng5 23. h4 Ne6 24. Qg3 Rfb8 25. Rg2 Rf8 26. c3 Rab8 27. Be3 Ra8 28.
Qf3 Rab8 29. Rf1 Ra8 30. Rgf2 Rab8 31. Qf5 Ra8 32. Qh5 Rab8 33. Rf5 c6 34. g5
fxg5 35. hxg5 Rxf5 36. Rxf5 Rf8 37. Rxf8+ Nxf8 38. gxh6 gxh6 39. Bxh6 Ne6 40.
Qf5 Qe8 41. Kf2 Qe7 42. Kf3 Qe8 43. Qf6 Qd7 44. a3 Qe8 45. Kg4 Qd7 46. Kh5 Qe8
47. Bg5 Nxg5 48. Kxg5 Qd7 49. Qf5 Qe7+ 50. Qf6 Qd7 51. Kh4 Qc7 52. Kg5 Qd7
1/2-1/2

[Event "2nd children's team HISSARLUK"]
[Site "http://www.tribuki.com/bg/"]
[Date "2017.02.07"]
[Round "6.3"]
[White "Todorov, Vladimir"]
[Black "Veljanoski, Andrej"]
[Result "0-1"]
[WhiteElo "1506"]
[BlackElo "1764"]
[PlyCount "102"]
[EventDate "2017.02.04"]
[EventType "team"]
[EventRounds "6"]
[EventCountry "BUL"]

1. e4 e5 2. Nf3 Nc6 3. Bc4 Bc5 4. Nc3 Nf6 5. d3 d6 6. Bg5 h6 7. Be3 Bb6 8. h3
Be6 9. Bb3 Qd7 10. Qd2 O-O-O 11. O-O-O Bxb3 12. axb3 Ba5 13. Qe2 Rhe8 14. Bd2
d5 15. Nb1 Bb6 16. Nc3 dxe4 17. Nxe4 Qe7 18. Rhe1 Kb8 19. Kb1 Nxe4 20. dxe4 Nd4
21. Nxd4 Bxd4 22. c3 Bb6 23. Be3 Qe6 24. Kc2 Qg6 25. Bxb6 Qxb6 26. f3 a6 27.
Rxd8+ Rxd8 28. Rd1 Rxd1 29. Qxd1 Qd6 30. Qxd6 cxd6 31. Kd3 Kc7 32. g3 Kc6 33.
Kc4 b5+ 34. Kb4 d5 35. exd5+ Kxd5 36. c4+ Kc6 37. Ka5 f5 38. Kb4 g5 39. cxb5+
axb5 40. Kc3 Kc5 41. b4+ Kd5 42. Kd3 e4+ 43. fxe4+ fxe4+ 44. Ke3 Ke5 45. b3 Kd5
46. Ke2 Kd4 47. h4 g4 48. h5 e3 49. Ke1 Ke4 50. Ke2 Kd4 51. Ke1 Kc3 0-1

[Event "2nd children's team HISSARLUK"]
[Site "http://www.tribuki.com/bg/"]
[Date "2017.02.07"]
[Round "6.3"]
[White "Risteski, Emil"]
[Black "Ralchev, Lachezar"]
[Result "1/2-1/2"]
[WhiteElo "1749"]
[BlackElo "1622"]
[PlyCount "71"]
[EventDate "2017.02.04"]
[EventType "team"]
[EventRounds "6"]
[EventCountry "BUL"]

1. c4 e5 2. Nc3 d6 3. g3 Be6 4. b3 Nc6 5. Bg2 Qd7 6. Bb2 O-O-O 7. e3 Re8 8. Nd5
Nge7 9. Qc2 Nd8 10. Nxe7+ Bxe7 11. O-O-O Bf6 12. d4 exd4 13. Bxd4 Bxd4 14. Rxd4
Bf5 15. e4 Bg6 16. Ne2 Ne6 17. Bh3 f5 18. Rdd1 fxe4 19. Nf4 e3 20. Nxg6 hxg6
21. Bg4 exf2 22. Qxf2 Kb8 23. Rde1 Qc6 24. Bxe6 Rxe6 25. Rxe6 Qxh1+ 26. Kb2 b6
27. h4 g5 28. Re1 Qh3 29. Qf7 Qxg3 30. Re8+ Rxe8 31. Qxe8+ Kb7 32. Qe4+ Kb8 33.
Qe8+ Kb7 34. Qe4+ Kb8 35. Qe8+ Kb7 36. Qe4+ 1/2-1/2

[Event "2nd children's team HISSARLUK"]
[Site "http://www.tribuki.com/bg/"]
[Date "2017.02.07"]
[Round "6.3"]
[White "Kanov, Nikola"]
[Black "Eftovski, Mateo"]
[Result "0-1"]
[WhiteElo "1367"]
[BlackElo "1425"]
[PlyCount "48"]
[EventDate "2017.02.04"]
[EventType "team"]
[EventRounds "6"]
[EventCountry "BUL"]

1. e4 e5 2. Nf3 Nc6 3. Bc4 Bc5 4. d3 Nf6 5. Bg5 d6 6. Nc3 Be6 7. Bb3 Qd7 8. Ba4
h6 9. Bxf6 gxf6 10. Nd5 O-O-O 11. Bxc6 bxc6 12. Nxf6 Qe7 13. Nh5 Bg4 14. Ng3 h5
15. h4 Qf6 16. c3 d5 17. Qe2 Qf4 18. exd5 cxd5 19. b4 Bb6 20. Kf1 Rhe8 21. a4
e4 22. Qd2 e3 23. fxe3 Bxe3 24. Qd1 Qxg3 0-1

[Event "2nd children's team HISSARLUK"]
[Site "http://www.tribuki.com/bg/"]
[Date "2017.02.07"]
[Round "6.3"]
[White "Zlatkov, Anton"]
[Black "Rangelov, Boyan"]
[Result "1/2-1/2"]
[WhiteElo "1241"]
[BlackElo "1368"]
[PlyCount "109"]
[EventDate "2017.02.04"]
[EventType "team"]
[EventRounds "6"]
[EventCountry "BUL"]

1. e4 d5 2. exd5 Qxd5 3. Nc3 Qe5+ 4. Qe2 Qxe2+ 5. Ngxe2 c6 6. d4 Bf5 7. Kd1 Nf6
8. Be3 e6 9. Kd2 Bd6 10. Rd1 Nbd7 11. Kc1 O-O 12. Ng3 Bg6 13. f3 Rac8 14. Nge4
Bb8 15. Be2 Nd5 16. Bf2 Bf4+ 17. Kb1 Nxc3+ 18. Nxc3 Nf6 19. g3 Bd6 20. Rhe1 Bb4
21. Bf1 Bxc3 22. bxc3 Nd5 23. Kb2 b5 24. a3 a5 25. Bd3 Rb8 26. Be4 b4 27. Bxd5
bxa3+ 28. Kxa3 cxd5 29. Rb1 a4 30. Rxb8 Rxb8 31. Rc1 Rc8 32. Be1 Rc4 33. Kb2 h6
34. Ra1 Kh7 35. Bd2 Bh5 36. g4 Bg6 37. Bf4 h5 38. h3 hxg4 39. hxg4 f5 40. Be5
fxg4 41. fxg4 Be4 42. Bd6 Bf3 43. Rg1 Kg6 44. Be5 a3+ 45. Kxa3 Rxc3+ 46. Kb2
Re3 47. c3 Re2+ 48. Kb3 Re4 49. g5 Rg4 50. Rxg4 Bxg4 51. Kb4 Be2 52. Kc5 Kxg5
53. Bxg7 Kf4 54. Kb4 Ke4 55. Be5 1/2-1/2

[Event "2nd children's team HISSARLUK"]
[Site "http://www.tribuki.com/bg/"]
[Date "2017.02.07"]
[Round "6.4"]
[White "Hristov, Deyan"]
[Black "Manova, Ivana"]
[Result "0-1"]
[WhiteElo "1497"]
[BlackElo "1741"]
[PlyCount "82"]
[EventDate "2017.02.04"]
[EventType "team"]
[EventRounds "6"]
[EventCountry "BUL"]

1. e4 d5 2. exd5 Nf6 3. Nc3 Nxd5 4. Bc4 c6 5. Nge2 e6 6. a3 Qh4 7. d4 Bd6 8.
Ne4 Qxe4 9. O-O O-O 10. Ng3 Qh4 11. Bd3 Nd7 12. Re1 N7f6 13. c4 Nf4 14. Bc2 Rd8
15. Ne4 Nxe4 16. Rxe4 f5 17. g3 Qf6 18. Rxf4 Bxf4 19. Bxf4 Qxd4 20. Qh5 b6 21.
Bc7 Rf8 22. Rd1 Qg4 23. Qxg4 fxg4 24. Rd4 Ba6 25. Rxg4 Rf7 26. Be5 Rd8 27. Rh4
h6 28. c5 bxc5 29. Bb3 c4 30. Bxc4 Bxc4 31. Rxc4 Rd5 32. f4 c5 33. Rc2 Kh7 34.
Kg2 g5 35. Rc4 Kg6 36. Re4 Kf5 37. Re2 Rb7 38. Kf3 Rb3+ 39. Kf2 h5 40. Kg2 gxf4
41. gxf4 Rbd3 0-1

[Event "2nd children's team HISSARLUK"]
[Site "http://www.tribuki.com/bg/"]
[Date "2017.02.07"]
[Round "6.4"]
[White "Kosteski, Mile"]
[Black "Bakalov, Vladimir"]
[Result "1-0"]
[WhiteElo "1592"]
[BlackElo "1435"]
[PlyCount "89"]
[EventDate "2017.02.04"]
[EventType "team"]
[EventRounds "6"]
[EventCountry "BUL"]

1. e4 c5 2. Nf3 Nc6 3. d4 cxd4 4. Nxd4 d6 5. Nc3 a6 6. Be3 Nf6 7. Be2 e6 8. f4
Qc7 9. O-O b5 10. a3 Be7 11. Bf3 Bb7 12. Qd2 O-O 13. Rae1 Rac8 14. Nxc6 Bxc6
15. Bf2 Rfd8 16. Bg3 Bb7 17. Qe2 Nd7 18. f5 e5 19. Bg4 f6 20. h4 Nc5 21. Bf3
Qb6 22. Bf2 Qc7 23. g4 Na4 24. Nxa4 bxa4 25. c3 Qc4 26. Qe3 d5 27. Qb6 Qc6 28.
exd5 Qxb6 29. Bxb6 Rd6 30. Be3 Bxd5 31. Rd1 Bxf3 32. Rxd6 Bxd6 33. Rxf3 Rb8 34.
Rf2 Kf7 35. Rd2 Be7 36. Kf2 Rd8 37. Rxd8 Bxd8 38. Kf3 Ke7 39. Ke4 Kd6 40. c4
Kc6 41. g5 Bb6 42. Bc1 Bf2 43. h5 Kc5 44. h6 gxh6 45. gxf6 1-0

[Event "2nd children's team HISSARLUK"]
[Site "http://www.tribuki.com/bg/"]
[Date "2017.02.07"]
[Round "6.4"]
[White "Tsvetkov, Hristiyan"]
[Black "Eftovska, Lea"]
[Result "0-1"]
[WhiteElo "1271"]
[BlackElo "1350"]
[PlyCount "62"]
[EventDate "2017.02.04"]
[EventType "team"]
[EventRounds "6"]
[EventCountry "BUL"]

1. e4 e5 2. Nf3 Nc6 3. Bb5 Nf6 4. c3 a6 5. Ba4 b5 6. Bb3 Be7 7. d3 O-O 8. O-O
d6 9. Be3 Bg4 10. Nbd2 Na5 11. Bc2 d5 12. h3 Bh5 13. Qc1 dxe4 14. dxe4 Nc6 15.
Rd1 Qc8 16. Re1 Bd6 17. Bg5 Be7 18. Bb3 Qd7 19. Qc2 Na5 20. Rad1 Nxb3 21. Qxb3
Qc8 22. Nf1 Bxf3 23. gxf3 Qxh3 24. Re3 Qh5 25. Bxf6 Bxf6 26. Kg2 Qg6+ 27. Ng3
Bh4 28. Rd7 c5 29. Rd5 Qg5 30. Rxc5 Bxg3 31. fxg3 Qxe3 0-1

[Event "2nd children's team HISSARLUK"]
[Site "http://www.tribuki.com/bg/"]
[Date "2017.02.07"]
[Round "6.4"]
[White "Janeski, Leon"]
[Black "Bakalova, Tsvetelina"]
[Result "1/2-1/2"]
[WhiteElo "1388"]
[BlackElo "1362"]
[PlyCount "76"]
[EventDate "2017.02.04"]
[EventType "team"]
[EventRounds "6"]
[EventCountry "BUL"]

1. e4 e5 2. Nf3 Nc6 3. Bc4 Bc5 4. Nc3 d6 5. d3 Nf6 6. Be3 Bb6 7. h3 Be6 8. Bb3
Qd7 9. Qd2 a6 10. Bxb6 cxb6 11. O-O O-O 12. Qe3 Ne7 13. Qxb6 Rab8 14. Rad1 Ng6
15. Bxe6 Qxe6 16. Qb3 Qd7 17. Nd5 Nxd5 18. Qxd5 Nf4 19. Qb3 Qc6 20. Qc4 Rbc8
21. b3 b5 22. Qxc6 Rxc6 23. c4 Ne2+ 24. Kh2 Nc3 25. Ra1 bxc4 26. bxc4 Ne2 27.
g3 f6 28. Rab1 Nc3 29. Rb2 Na4 30. Rd2 Nc5 31. Rb1 f5 32. exf5 Rxf5 33. Kg2 Rf6
34. d4 exd4 35. Rxd4 Ne6 36. Re4 Nc5 37. Rd4 Ne6 38. Re4 Nc5 1/2-1/2